Kemampuan pemilikan rumah kos rendah di Kuala Lumpur
| Main Author: | Norazmawati Md. Sani @ Abd. Rahim |
|---|---|
| Published: |
Pulau Pinang:
USM,
2006.
|
| Subjects: |
| LEADER | 00523cam a2200145 7i4500 | ||
|---|---|---|---|
| 001 | 0000018384 | ||
| 005 | 20140129090000.0 | ||
| 090 | 0 | 0 | |a HN700.6 |b .N67 2006 |
| 100 | 0 | |a Norazmawati Md. Sani @ Abd. Rahim | |
| 245 | 0 | 0 | |a Kemampuan pemilikan rumah kos rendah di Kuala Lumpur |c Norazmawati Bt Md. Sani @ Abd. Rahim. |
| 260 | |a Pulau Pinang: |b USM, |c 2006. | ||
| 300 | |a xv, 222 p.; |c 30 cm. | ||
| 500 | |a Dissertation | ||
| 650 | 0 | 0 | |a Low cost housing -- |z Malaysia |
| 999 | |a MRA0000347 |b BOK |c MOHD RAZALI AGUS COLLECTION |e Ground Floor, Bestari Jaya | ||